LEADER 01533nam a2200325 i 4500 001 000000237325 003 CaOOAMICUS 005 20240123144307.0 008 141222s1775 it u000 u ita u 026 $ai-i- ert- oide neri (3) 1775 (R) 040 $aSeMil$bita 100 1 $aBourdaloue, Louis,$c.$0(OLS)http://semarc/name/5823 245 10$aPrediche quaresimali del padre Luigi Bourdalove della Compagnia di Gesù. Traslate dalla favella francese nell'italiana. 260 $aIn Venezia :$bPresso Gio: Antonio Pezzana,$c1775. 300 $a8, 304 p. :$bill ;$c4º. 500 $aTaglio spruzzato in rosso 500 $aSegn.: ?? A-T? 500 $aIniz. xilogr. 500 $aTesto su due colonne 500 $aRitratto dell'autore inciso da Paolo Petrini 500 $aMarca (Giglio fiorentino) sul front. 650 4$aPredicazione - Testi.$0(OLS)http://semarc/subject/510 700 1 $aPetrini, Paolo .$0(OLS)http://semarc/name/80906 700 1 $aPezzana, Giovanni Antonio,$c.$0(OLS)http://semarc/name/7353 850 $aSeMil 852 $aSeMil$W1$xVenegono$y1$m3C IV 74 FA$j187671$B187671$CSeMilBibl$Z2$F198578 $8I 961 $aOmaggio: Biblioteca Seminario Duomo 996 $6245$aPrediche quaresimali del padre Luigi Bourdalove della Compagnia di Gesù. Traslate dalla favella francese nell'italiana$9(OLS)http://semarc/title/338284 996 $6260$aIn Venezia :$bPresso Gio: Antonio Pezzana$9(OLS)http://semarc/publisher/34274 LEADER 00679nam a2200193 i 4500 001 000000122322 003 CaOOAMICUS 005 20040130000000.0 008 040130n it u000 u ita u 013 $a95017 040 $aSeMil$bita 100 1 $aGorla, Pietro,$c.$0(OLS)http://semarc/name/5276 245 10$aVolume 2. 300 $a333 p. 773 0 $aGorla, Pietro $tS. Carlo Borromeo.$d[S.l. : s.n.], stampa 1939$w()10904 850 $aSeMil 852 $aSeMil$W1$xVenegono$y1$m598 320 2 *$j77316$B77316$CSeMilBibl$Z2$F79123 $81 961 $aRecupero: Biblioteca Seminario Saronno 996 $6245$aVolume 2$9(OLS)http://semarc/title/11564